Anuario de la Cuna de Jesús (Record no. 173146)
[ view plain ]
| 000 -LEADER | |
|---|---|
| campo de control de longitud fija | 00829nas a2200217 i 4500 |
| 001 - NÚMERO DE CONTROL | |
| campo de control | 173146 |
| 003 - IDENTIFICADOR DE NÚMERO DE CONTROL | |
| campo de control | ES-MaACL |
| 005 - FECHA Y HORA DE LA ÚLTIMA TRANSACCIÓN | |
| campo de control | 20250217134841.0 |
| 008 - DATOS DE LONGITUD FIJA--INFORMACIÓN GENERAL | |
| campo de control de longitud fija | 091110c1902 sp | | ||pa d |
| 100 1# - ENTRADA PRINCIPAL--NOMBRE DE PERSONA | |
| Nombre de persona | Aledo, Vergara y Pérez de Aranda, Mariano, |
| Títulos y otros términos asociados al nombre | Marqués de, |
| Fechas asociadas al nombre | 1833-1912 |
| 9 (RLIN) | 141529 |
| 245 10 - MENCIÓN DEL TÍTULO | |
| Título | Anuario de la Cuna de Jesús |
| Resto del título | : sociedad caritativa para acoger y cuidar durante el día niños pobres en lactancia / |
| Mención de responsabilidad, etc. | compuesto por su fundador Mariano Vergara, marqués de Aledo. |
| 260 ## - PUBLICACIÓN, DISTRIBUCIÓN, ETC. | |
| Lugar de publicación, distribución, etc. | Madrid : |
| Nombre del editor, distribuidor, etc. | [s.n.], |
| Fecha de publicación, distribución, etc. | 1902- |
| 300 ## - DESCRIPCIÓN FÍSICA | |
| Extensión | 3 v. : |
| Otras características físicas | il. ; |
| Dimensiones | 23 cm. |
| 310 ## - PERIODICIDAD ACTUAL | |
| Periodicidad actual | Anual |
| 362 0# - FECHAS DE PUBLICACIÓN Y/O DESIGNACIÓN SECUENCIAL | |
| Fecha de publicación y/o designación secuencial | Año I (1901)- |
| 650 04 - PUNTO DE ACCESO ADICIONAL DE MATERIA--TÉRMINO DE MATERIA | |
| Término de materia o nombre geográfico como elemento de entrada | Niños- |
| Subdivisión general | Asistencia institucional. |
| 9 (RLIN) | 167009 |
| 710 2# - ENTRADA AGREGADA--NOMBRE DE ENTIDAD CORPORATIVA | |
| Nombre de entidad corporativa o nombre de jurisdicción como elemento de entrada | Sociedad La cuna de Jesús (Madrid) |
| 9 (RLIN) | 134897 |
| 852 1# - LOCALIZACIÓN | |
| Ubicación | BA |
| Número de control de estantería | G-12512-14 |
| 866 #0 - MENCIÓN TEXTUAL DE FONDOS--UNIDAD BIBLIOGRÁFICA BÁSICA | |
| Fondos | 1901,1903-04. |
| Estatus retirado | Estado de pérdida | Estado de daño | No para préstamo | Colección | Biblioteca de origen | Biblioteca actual | Ubicación en estantería | Fecha de adquisición | Fuente de adquisición | Total de préstamos | Signatura topográfica completa | Código de barras | Visto por última vez | Precio de reemplazo | Tipo de ítem Koha |
|---|---|---|---|---|---|---|---|---|---|---|---|---|---|---|---|
| Periódicos y Revistas | Biblioteca del Ateneo de Madrid | Biblioteca del Ateneo de Madrid | Sala Pecera Planta 3 | 10/11/2009 | G-12512-14 | 1181681 | 23/02/2023 | 23/02/2023 | Revista |
